| 000 | 00641nam a22002177a 4500 | ||
|---|---|---|---|
| 005 | 20170124110023.0 | ||
| 010 | _aA-710118 | ||
| 020 |
_c200.00 _a8185235074 |
||
| 035 | _aA-710118 | ||
| 037 | _bCen Lib/Ret | ||
| 040 |
_aDPL _bEN |
||
| 082 |
_a500 _bSUB |
||
| 100 |
_aSubbaram, K. V _920152 |
||
| 245 |
_aScience and sensibility / _ccompiled by K. V. Subbaram |
||
| 260 |
_aRohtak _bManthan Publications _c1989 |
||
| 270 |
_aOpp. Power House, Delhi Road Model Town _bHaryana _e124001 |
||
| 300 |
_axii,285p. _c21cm(Hb) |
||
| 650 |
_aPhilosophers _920153 |
||
| 650 |
_aScientists _920154 |
||
| 942 |
_2ddc _cEN _h500 _mSUB |
||
| 999 |
_c127324 _d127324 |
||